Welcome to CU Library Online Public Access Catalogue (OPAC)

Economics for managers (Record no. 5301)

MARC details
000 -LEADER
fixed length control field 00438nam a22001697a 4500
005 - DATE AND TIME OF LATEST TRANSACTION
control field 20250328130117.0
008 - FIXED-LENGTH DATA ELEMENTS--GENERAL INFORMATION
fixed length control field 250328b |||||||| |||| 00| 0 eng d
020 ## - INTERNATIONAL STANDARD BOOK NUMBER
International Standard Book Number 9780538470384
050 ## - LIBRARY OF CONGRESS CALL NUMBER
Classification number HD 30.22 MCG
Item number 1
100 ## - MAIN ENTRY--PERSONAL NAME
Personal name MCGUIGAN.R.James
245 ## - TITLE STATEMENT
Title Economics for managers
250 ## - EDITION STATEMENT
Edition statement 12th
260 ## - PUBLICATION, DISTRIBUTION, ETC.
Place of publication, distribution, etc. Australia
Name of publisher, distributor, etc. South-Western Cengage
Date of publication, distribution, etc. 2008c
300 ## - PHYSICAL DESCRIPTION
Extent xxii,672p
500 ## - GENERAL NOTE
General note Glossary, notes Index
942 ## - ADDED ENTRY ELEMENTS (KOHA)
Source of classification or shelving scheme Library of Congress Classification
Koha item type Books
Suppress in OPAC No
999 ## -
-- 5301
-- 5301
Holdings
Withdrawn status Lost status Source of classification or shelving scheme Damaged status Not for loan Collection Home library Current library Shelving location Date acquired Total checkouts Full call number Barcode Date last seen Copy number Price effective from Koha item type
    Library of Congress Classification     Non-fiction Graduate Library (Christ Temple) Graduate Library (Christ Temple) General stacks 03/28/2025   HD 30.22 MCG GSCT00000922 03/28/2025 1 03/28/2025 Books
    Library of Congress Classification     Non-fiction Graduate Library (Christ Temple) Graduate Library (Christ Temple) General stacks 03/28/2025   HD 30.22 MCG GSCT00000923 03/28/2025 2 03/28/2025 Books
    Library of Congress Classification     Non-fiction Undergraduate Library (Christ Temple) Undergraduate Library (Christ Temple) General stacks 04/08/2025   HD30.22.M32 MCG ulct00002127 04/08/2025 1 04/08/2025 Books
© 2023-2024 Copyright: Central University Libraries. All Rights Reserved | Created by: Mahone Tech Office